000 00632nam a2200301Ia 4500
005 20260401122410.0
008 008 250103s9999 xx 000 0 eng d
020 _a9781405145947
037 _aTB
040 _aEDL
040 _beng
040 _cEDL
041 _2eng
041 _aeng
084 _a791.43 LUH
084 _qEDL
100 _aLuhr, William
_91233490
245 0 _aFilm Noir
245 0 _cLuhr, William
260 _aUK
260 _bWiley-Blackwell
260 _c2012
300 _a232p
942 _cTB
942 _h791.43 LUH
999 _c1847017
_d1847017